000 00729nam a2200289Ia 4500
001 2427
003 IT-RoPAU
008 130308s9999 xx 000 0 und d
040 _aIT-RoPAU
040 _cIT-RoPAU
041 _aITALIANO
100 _aKahan Hans
100 _gCodice Aut. SPICS: 5165
245 _aFilm sonoro come forma drammatica (Il)
245 _bCinema e Teatro
250 _a1a ed.
260 _aROMA
260 _bAteneo
260 _c1957 [1° Ed.:1957 - Ed.Ling.Originale:]
300 _a"7 p. (prefazione: no ; testo: 7 [pagine: 253-259])"
650 _aTEORICHE CINEMATOGRAFICHE
650 _eCodice materia Spics: 6805
942 _cBK
957 _71
999 _c52078
_d52078
999 _bSI
999 _g1